Tilastot visalle Uruguay-visa

Klikkaa tästä pelataksesi tätä visaa!

Yleistilastot

  • Tätä visaa on pelattu 208 kertaa
  • Keskiarvotulos 11 / 18

Vastaustilastot

VihjeVastaus% Oikein
NaapurimaatArgentiina
99%
NaapurimaatBrasilia
99%
Virallinen kieliEspanja
99%
PääkaupunkiMontevideo
94%
Tapahtuma, jonka Uruguay voitti 1930 ja 1950{Jalkapallon} MM-kilpailut
92%
ValuuttaPeso
88%
Perinteinen tanssi, jonka juuret ovat tuolla alueellaTango
69%
Jalkapalloilija, joka on tunnetusti puraissut useita vastustajiaanLuis Suárez
61%
Uruguay sijaitsee tällä viljavalla aroalueellaPampa
55%
Vuosina 1860–1914 yli 200 000 ihmistä muutti Uruguayhin tästä maastaItalia
50%
Joki, joka muodostaa maan länsirajanUruguayjoki
50%
Yllä olevan ja Paranájoen yhteinen estuaariRio de la Plata
43%
KansallismottoLibertad o {Muerte}
33%
Lipussa oleva asia{Toukokuu}n aurinko
32%
Toiseksi suurin kaupunkiSalto
27%
Vuonna 1865 Uruguayn ja sen naapurimaiden perustama liitto{Kolmois}liitto
25%
Uruguayn halki virtaava jokiRio Negro
25%
Uruguayn kansallissankariJosé Gervasio Artigas
20%

Tulosjakauma

Persentiili vastausten määrän mukaan

Jokaisen tuloksen saaneiden osuus

Tuloshistoriasi

Et ole pelannut tätä visaa